Normal view
MARC view
Entry Personal Name
001 - CONTROL NUMBER
- control field: 17361
003 - CONTROL NUMBER IDENTIFIER
- control field: OSt
005 - DATE AND TIME OF LATEST TRANSACTION
- control field: 20240617130124.0
008 - FIXED-LENGTH DATA ELEMENTS
- fixed length control field: 240617|| aca||aabn | a|a d
040 ## - CATALOGING SOURCE
- Original cataloging agency: OSt
- Transcribing agency: OSt
100 ## - HEADING--PERSONAL NAME
- Personal name: Brown, James ward.
- Fuller form of name: James Ward Brown
670 ## - SOURCE DATA FOUND
- Source citation: Work cat.: (OSt)8555: Brown, James ward. James Ward Brown, Fourier Series and Boundary Value problems/, 2001.
